000 00764nam a2200241Ia 4500
003 OSt
005 20251031144742.0
008 220923b |||||||| |||| 00| 0 eng d
020 _a0199251037
037 _cGeneral Book
040 _aRTL
_cRTL
_beng
041 _2eng
_aeng
084 _aY:3(O).3.L, P0
_qRTL
100 _aFox, Adam
_977872
245 0 _aOral and literate culture in England 1500-1700
260 _aOxford
_bOxford University Press
_c2000
300 _axi, 497 p.
_bIncludes bibliographical references and index.
490 _aOxford Studies in Social History
500 _aBibliography: P 414-57
650 _aSociology irt Literature
_9253312
942 _hY:3(O).3.L, PO
_cGB
_2CC
_n0
999 _c646361
_d646361